000 00706nam a22002057a 4500
999 _c18721
_d18721
003 AR-CdUCM
008 190515b ||||| |||| 00| 0 spa d
040 _aMUNICIPALIDAD PROVINCIAL DEL CUSCO
_cBIBLIOTECA MUNICIPAL DEL CUSCO
082 _a323.354 /
_bD74
245 _aDominación y cambios en el Perú rural :
_bLa migro-región del Valle de Chancay /
260 _aLima :
_bInstitutos de estudios peruanos,
_c1969.
300 _a377 paginas ;
_c23 cm.
505 _aContenido :Comunidades campesinas /
650 _aCampesinos
_94401
650 _aCondiciones sociales
_91132
650 _aCondiciones económicas
_91989
650 _aPerú
_935
942 _2ddc
_cLIBROS
945 _arjall
_d2019-05-15